Ape's Great Escape (Record no. 609291)

000 -LEADER
fixed length control field 00377nam a22001457a 4500
020 ## - INTERNATIONAL STANDARD BOOK NUMBER
International Standard Book Number 9781474922111
040 ## - CATALOGING SOURCE
Transcribing agency NUST
082 ## - DEWEY DECIMAL CLASSIFICATION NUMBER
Classification number 823
Author Mark CH
100 ## - MAIN ENTRY--PERSONAL NAME
Personal name Russel Punter
9 (RLIN) 122906
110 ## - MAIN ENTRY--CORPORATE NAME
Corporate name or jurisdiction name as entry element David Semple
9 (RLIN) 122907
245 ## - TITLE STATEMENT
Title Ape's Great Escape
Remainder of title Usborne Phonics Readers
260 ## - PUBLICATION, DISTRIBUTION, ETC.
Place of publication, distribution, etc. London:
Name of publisher, distributor, etc. Usborne Publishing.
Date of publication, distribution, etc. 2018.
650 ## - SUBJECT ADDED ENTRY--TOPICAL TERM
Topical term or geographic name entry element English Fiction
942 ## - ADDED ENTRY ELEMENTS (KOHA)
Source of classification or shelving scheme
Koha item type Book
Holdings
Withdrawn status Lost status Source of classification or shelving scheme Damaged status Not for loan Permanent Location Current Location Shelving location Date acquired Total Checkouts Full call number Barcode Date last seen Price effective from Koha item type
          College of Electrical & Mechanical Engineering (CEME) College of Electrical & Mechanical Engineering (CEME) General Stacks 05/23/2024   823 CH CEME- 50474 05/23/2024 05/23/2024 Book
© 2023 Central Library, National University of Sciences and Technology. All Rights Reserved.